|
|
|
|
| LEADER |
00000nas a2200000 a 4500 |
| 001 |
ssj0007459 |
| 003 |
WaSeSS |
| 005 |
20200512172242.0 |
| 006 |
m d |
| 007 |
cr n |
| 008 |
021231c19839999inutr pss 0 a0eng c |
| 010 |
|
|
|a 2002215654
|
| 016 |
7 |
|
|a 2107022-2
|2 DE-600
|
| 022 |
|
|
|a 1543-0413
|y 0737-7037
|
| 035 |
|
|
|a (WaSeSS)ssj0007459
|
| 037 |
|
|
|b Indiana University Press, 601 N. Morton St., Bloomington, IN 47424
|
| 040 |
|
|
|a NSD
|b eng
|c NSD
|d MUQ
|d OCLCQ
|d OCL
|d OCLCQ
|d IUL
|d EYM
|d HUL
|d DLC
|d OCLCO
|d OCLCQ
|d OCLCF
|d OCLCO
|d OCLCQ
|d DEBBG
|d GILDS
|d OCLCO
|d VT2
|d WaSeSS
|
| 042 |
|
|
|a pcc
|a nsdp
|
| 050 |
1 |
4 |
|a GR1
|b .I5
|
| 082 |
1 |
0 |
|a 398
|2 14
|
| 130 |
0 |
|
|a Journal of folklore research (Online)
|
| 210 |
0 |
|
|a J. folk. res.
|b (Online)
|
| 222 |
|
0 |
|a Journal of folklore research
|b (Online)
|
| 245 |
1 |
0 |
|a Journal of folklore research
|h [electronic resource].
|
| 246 |
1 |
3 |
|a JFR
|
| 260 |
|
|
|a Bloomington, Ind. :
|b Folklore Institute, Indiana University,
|c 1983-
|
| 310 |
|
|
|a Three times a year
|
| 362 |
0 |
|
|a Vol. 20, no. 1 (May 1983)-
|
| 500 |
|
|
|a Title from cover (JSTOR, viewed Apr. 18, 2007).
|
| 500 |
|
|
|a Published by Indiana University Press, May/Dec. 2002-
|
| 506 |
|
|
|a License restrictions may limit access.
|
| 538 |
|
|
|a Mode of access: World Wide Web.
|
| 588 |
|
|
|a Latest issue consulted: Vol. 48, no. 3 (Sept./Dec. 2011) (Project Muse, viewed Jun. 26, 2012).
|
| 650 |
|
0 |
|a Folklore
|v Periodicals.
|
| 650 |
|
6 |
|a Folklore
|v Périodiques.
|
| 650 |
|
7 |
|a Folklore.
|2 fast
|0 (OCoLC)fst00930306
|
| 655 |
|
0 |
|a Electronic journals.
|
| 710 |
2 |
|
|a Indiana University, Bloomington.
|b Folklore Institute.
|
| 776 |
0 |
8 |
|i Print version:
|t Journal of folklore research
|x 0737-7037
|w (DLC) 84640704
|w (OCoLC)9444482
|
| 780 |
0 |
0 |
|t Journal of the Folklore Institute (Online)
|w (DLC) 2007234127
|w (OCoLC)123210218
|
| 853 |
2 |
0 |
|8 1
|a v.
|b no.
|u 3
|v r
|i (year)
|j (month/month)
|w t
|x 01/04
|
| 856 |
4 |
0 |
|z Full text available from Research Library: 01/01/1996 to present
|u https://search.proquest.com/publication/37161
|
| 863 |
4 |
1 |
|8 1.1
|a <40>
|b <1>
|i <2003>
|j <01/04>
|